[Event "BRA-ch Amateur U1800"]
[Site "Sao Paulo"]
[Date "2019.06.21"]
[Round "3"]
[White "Rodio, Julia Brunetto"]
[Black "Sousa, Fabio de Fatima"]
[Result "1-0"]
[WhiteElo "1756"]
[BlackElo "1695"]
[PlyCount "105"]
[EventDate "2019.06.20"]
[EventType "swiss"]
[EventRounds "7"]
[EventCountry "BRA"]
[SourceTitle "CBM 195 Extra"]
[Source "ChessBase"]
[SourceDate "2020.05.31"]
[SourceVersion "1"]
[SourceVersionDate "2020.05.31"]
[SourceQuality "1"]

1. Nc3 c5 2. e4 e6 3. Bc4 Nc6 4. d3 Nf6 5. Nf3 d5 6. exd5 exd5 7. Bb3 Be7 8. 0-0 0-0 9. a3 h6 10. Bf4 a6 11. a4 Bg4 12. h3 Bh5 13. g4 Bg6 14. Ne2 Qd7 15. Bg3 h5 16. g5 Nh7 17. h4 f6 18. Nf4 Bf5 19. g6 Bg4 20. Bxd5+ Kh8 21. gxh7 Kxh7 22. Be4+ f5 23. Bxc6 Qxc6 24. Ne5 Qh6 25. f3 Bxh4 26. Bxh4 Qxf4 27. fxg4 Qe3+ 28. Kg2 Qxe5 29. Rxf5 Rxf5 30. gxf5 Qxf5 31. Qf3 Qg6+ 32. Kh2 Re8 33. Rg1 Qd6+ 34. Bg3 Qg6 35. Bc7 Qh6 36. Bf4 Re2+ 37. Qxe2 Qxf4+ 38. Kh1 g6 39. Qe4 Qf6 40. Qxb7+ Kh6 41. Qe4 h4 42. c3 g5 43. Qg4 Qe5 44. Qe4 Qd6 45. d4 cxd4 46. cxd4 Qd7 47. Qg4 Qd5+ 48. Qg2 Qf5 49. Rf1 Qe6 50. d5 Qe5 51. Qf3 Qb8 52. Qf6+ Kh5 53. Qf7+ 1-0

[Event "BRA-ch Amateur U1800"]
[Site "Sao Paulo"]
[Date "2019.06.21"]
[Round "4"]
[White "Sousa, Fabio de Fatima"]
[Black "Jardim, Tamiris Salvador"]
[Result "1-0"]
[WhiteElo "1695"]
[BlackElo "1339"]
[PlyCount "67"]
[EventDate "2019.06.20"]
[EventType "swiss"]
[EventRounds "7"]
[EventCountry "BRA"]
[SourceTitle "CBM 195 Extra"]
[Source "ChessBase"]
[SourceDate "2020.05.31"]
[SourceVersion "1"]
[SourceVersionDate "2020.05.31"]
[SourceQuality "1"]

1. d4 Nf6 2. c4 g6 3. Nf3 Bg7 4. g3 d6 5. Bg2 Nbd7 6. 0-0 0-0 7. Nbd2 c5 8. e3 cxd4 9. exd4 Qc7 10. Re1 e5 11. dxe5 dxe5 12. b3 Re8 13. Bb2 Rb8 14. Ng5 b6 15. Nge4 Bb7 16. Ba3 Nxe4 17. Nxe4 Nc5 18. Qd6 Re7 19. Bxc5 bxc5 20. Qxc5 Qxc5 21. Nxc5 Bxg2 22. Kxg2 Rd8 23. Rad1 Ree8 24. Rd7 Rxd7 25. Nxd7 e4 26. Kf1 f5 27. Ke2 Kf7 28. Rd1 Ke7 29. Nc5 Kf7 30. Nb7 Re7 31. Nd8+ Kf6 32. h4 Rb7 33. Nxb7 g5 34. Rd6+ 1-0

[Event "BRA-ch Amateur U1800"]
[Site "Sao Paulo"]
[Date "2018.06.01"]
[Round "3"]
[White "Sousa, Fabio de Fatima"]
[Black "Massambani Neto, Laurindo"]
[Result "1-0"]
[WhiteElo "1731"]
[BlackElo "1616"]
[PlyCount "57"]
[EventDate "2018.05.31"]
[EventType "swiss"]
[EventRounds "7"]
[EventCountry "BRA"]
[SourceTitle "EXT 2021"]
[Source "ChessBase"]
[SourceDate "2020.10.23"]
[SourceVersion "1"]
[SourceVersionDate "2020.10.23"]
[SourceQuality "1"]

1. e4 e5 2. Nf3 Nc6 3. Bb5 a6 4. Ba4 b5 5. Bb3 Nf6 6. 0-0 d6 7. c3 Be7 8. h3 0-0 9. d4 Nxe4 10. Bd5 Nxf2 11. Rxf2 Bb7 12. Be3 Na5 13. Bxb7 Nxb7 14. dxe5 d5 15. Nd4 Qd7 16. Nd2 Nc5 17. Nf5 Nd3 18. Qg4 Qxf5 19. Rxf5 g6 20. Bh6 Rfe8 21. Rxf7 Bc5+ 22. Kh1 Kxf7 23. Qf3+ Kg8 24. Qxd5+ Kh8 25. Qxd3 Rad8 26. Qf3 Kg8 27. Rf1 Rd7 28. e6 Rxe6 29. Qf8+ 1-0

[Event "Sao Paulo op-B U2050 7th"]
[Site "Sao Paulo"]
[Date "2018.04.01"]
[Round "6"]
[White "Sousa, Fabio de Fatima"]
[Black "Parreira, Teodora Ribeiro"]
[Result "1-0"]
[WhiteElo "1756"]
[BlackElo "1480"]
[PlyCount "51"]
[EventDate "2018.03.30"]
[EventType "swiss"]
[EventRounds "6"]
[EventCountry "BRA"]
[SourceTitle "EXT 2021"]
[Source "ChessBase"]
[SourceDate "2020.10.23"]
[SourceVersion "1"]
[SourceVersionDate "2020.10.23"]
[SourceQuality "1"]

1. e4 c5 2. Nf3 g6 3. c4 Bg7 4. d4 cxd4 5. Nxd4 Nf6 6. Nc3 Nc6 7. Be2 d6 8. 0-0 0-0 9. Be3 b6 10. Nxc6 Qc7 11. Nd4 Bb7 12. f3 e5 13. Ndb5 Qe7 14. Qxd6 Qxd6 15. Nxd6 Bc6 16. Rfd1 a6 17. Rd2 Rad8 18. Rad1 Rb8 19. b3 Nd7 20. Nd5 Rfd8 21. Ne7+ Kf8 22. Nxc6 Rdc8 23. Nxb8 Rxb8 24. Nxf7 Kxf7 25. Rxd7+ Ke8 26. Rxg7 1-0

[Event "Pocos de Caldas op"]
[Site "Pocos de Caldas"]
[Date "2018.03.04"]
[Round "6"]
[White "Arango, Pedro Esteban"]
[Black "Sousa, Fabio de Fatima"]
[Result "1-0"]
[WhiteElo "1596"]
[BlackElo "1756"]
[PlyCount "97"]
[EventDate "2018.03.02"]
[EventType "swiss"]
[EventRounds "6"]
[EventCountry "BRA"]
[SourceTitle "CBM 183 Extra"]
[Source "ChessBase"]
[SourceDate "2018.04.19"]
[SourceVersion "1"]
[SourceVersionDate "2018.04.19"]
[SourceQuality "1"]

1. c4 e5 2. Nc3 Nf6 3. Nf3 Nc6 4. g3 d5 5. cxd5 Nxd5 6. Bg2 Be6 7. a3 Be7 8. 0-0 0-0 9. b4 f6 10. Bb2 Nb6 11. d3 Rb8 12. Rc1 Qd7 13. Re1 Nd4 14. Nxd4 exd4 15. Ne4 Rfd8 16. Qc2 c6 17. Nc5 Bxc5 18. Qxc5 Na4 19. Qc2 Nxb2 20. Qxb2 a6 21. Rc5 Qf7 22. Rec1 Bd5 23. a4 Bxg2 24. Kxg2 Rbc8 25. b5 a5 26. bxc6 bxc6 27. Qb6 Rd6 28. Qxa5 Qb7 29. Qd2 Ra8 30. Qc2 Ra6 31. Rb1 Qa8 32. Qc4+ Kf8 33. Rb4 Ke7 34. Qb3 Rd7 35. Rb8 Qa7 36. Qg8 Kd6 37. Rc4 c5 38. Qf8+ Kd5 39. Rb5 Rc6 40. e4+ dxe3 41. fxe3 Re7 42. Rd4+ Ke6 43. Qg8+ Rf7 44. Qe8+ Kf5 45. Rf4+ Kg6 46. Qxc6 h5 47. Qxc5 Qa8+ 48. Qd5 Qh8 49. Qf5+ 1-0

[Event "Sao Paulo LXSBC 1st Etapa"]
[Site "Sao Paulo"]
[Date "2014.06.30"]
[Round "2.6"]
[White "Sousa, Fabio de Fatima"]
[Black "Caporale, Giuseppe Guido"]
[Result "1-0"]
[WhiteElo "1759"]
[BlackElo "1755"]
[PlyCount "67"]
[EventDate "2014.06.07"]
[EventType "swiss"]
[EventRounds "6"]
[EventCountry "BRA"]
[SourceTitle "EXT 2022"]
[Source "ChessBase"]
[SourceDate "2021.10.06"]
[SourceVersion "1"]
[SourceVersionDate "2021.10.06"]
[SourceQuality "1"]

1. e4 c5 2. Nf3 e6 3. d4 cxd4 4. Nxd4 a6 5. Nc3 Qc7 6. Be2 b5 7. 0-0 Bb7 8. Bf3 Bd6 9. g3 Nc6 10. Ndxb5 axb5 11. Nxb5 Qb8 12. Nxd6+ Ke7 13. Nxb7 Qxb7 14. e5 Qc7 15. Bf4 h6 16. h4 Ra5 17. Qd6+ Qxd6 18. exd6+ Ke8 19. Bxc6 dxc6 20. Rfd1 Nf6 21. c4 g5 22. b4 Rf5 23. hxg5 hxg5 24. Be3 Kd7 25. a4 Ng4 26. a5 Ne5 27. c5 g4 28. a6 Rfh5 29. Kf1 Nd3 30. a7 Ra8 31. b5 Nxc5 32. bxc6+ Kxc6 33. Bxc5 Kxc5 34. Ra5+ 1-0

[Event "Bairro op"]
[Site "Bairro Buritizal"]
[Date "2014.04.13"]
[Round "5"]
[White "Sousa, Fabio de Fatima"]
[Black "Ribeiro, Marcos Willian de S"]
[Result "0-1"]
[WhiteElo "1759"]
[BlackElo "1947"]
[PlyCount "104"]
[EventDate "2014.04.11"]
[EventType "swiss"]
[EventRounds "6"]
[EventCountry "BRA"]
[SourceTitle "CBM 160 Extra"]
[Source "ChessBase"]
[SourceDate "2014.07.01"]
[SourceVersion "1"]
[SourceVersionDate "2014.07.01"]
[SourceQuality "1"]

1. e4 c5 2. Nf3 d6 3. d4 cxd4 4. Nxd4 Nf6 5. Nc3 g6 6. Be3 Bg7 7. f3 0-0 8. Qd2 Nc6 9. 0-0-0 Bd7 10. Kb1 Rc8 11. h4 h5 12. Nxc6 Bxc6 13. Be2 a5 14. Nd5 Bxd5 15. exd5 Qc7 16. c3 a4 17. a3 Rfe8 18. Bb5 Red8 19. Bxa4 Qc4 20. Bc2 Ra8 21. Qd3 Qc7 22. Qb5 Nd7 23. g4 Ra5 24. Qb4 Rda8 25. gxh5 Bxc3 26. bxc3 Rxa3 27. Bb3 Nc5 28. Bxc5 dxc5 29. Qc4 b5 30. d6 exd6 31. Qe4 Rxb3+ 32. Kc2 Qa5 33. Qxa8+ Qxa8 34. Kxb3 c4+ 35. Kb2 Qa4 36. Rc1 Qb3+ 37. Ka1 b4 38. cxb4 c3 39. Rh2 Qa3+ 40. Kb1 Qxb4+ 41. Ka1 d5 42. hxg6 fxg6 43. Re2 d4 44. Ka2 Qa4+ 45. Kb1 Qb3+ 46. Ka1 Kf7 47. f4 Kf6 48. Rg2 d3 49. Rcg1 c2 50. Rxg6+ Kf5 51. R6g5+ Ke4 52. Re5+ Kd4 0-1

[Event "Bairro op"]
[Site "Bairro Buritizal"]
[Date "2014.04.12"]
[Round "3"]
[White "Sousa, Fabio de Fatima"]
[Black "De Resende, Paulo Sergio"]
[Result "0-1"]
[WhiteElo "1759"]
[BlackElo "1937"]
[PlyCount "128"]
[EventDate "2014.04.11"]
[EventType "swiss"]
[EventRounds "6"]
[EventCountry "BRA"]
[SourceTitle "CBM 160 Extra"]
[Source "ChessBase"]
[SourceDate "2014.07.01"]
[SourceVersion "1"]
[SourceVersionDate "2014.07.01"]
[SourceQuality "1"]

1. e4 c6 2. d4 g6 3. Nc3 d5 4. Nf3 Bg4 5. h3 Bxf3 6. Qxf3 e6 7. Be3 Bg7 8. 0-0-0 Qa5 9. Kb1 Nf6 10. e5 Nfd7 11. g4 a6 12. h4 c5 13. Qg3 cxd4 14. Bxd4 Nc6 15. f4 Nxd4 16. Rxd4 0-0-0 17. Ra4 Qc7 18. Ra3 Bf8 19. Ra4 Bc5 20. b4 Qb6 21. b5 a5 22. f5 Bd4 23. Qe1 Bxe5 24. Bd3 Qc5 25. Ne2 b6 26. c4 Kb8 27. cxd5 exd5 28. Qd2 Rc8 29. fxg6 fxg6 30. h5 Qd6 31. hxg6 hxg6 32. Rh6 Rxh6 33. Qxh6 Nc5 34. Ra3 Nxd3 35. Rxd3 Qb4+ 36. Rb3 Qe1+ 37. Nc1 Qe4+ 38. Nd3 Bc3 39. Qf4+ Kb7 40. Qxe4 dxe4 41. Nf4 e3 42. Ne2 Bd2 43. Rd3 Rc4 44. Rd4 Rxd4 45. Nxd4 Kc7 46. Kc2 Kd6 47. Nb3 a4 48. Nd4 Kc5 49. Kd3 Kb4 50. Nc2+ Kxb5 51. a3 Bc1 52. Nd4+ Kc5 53. Nc2 b5 54. Kc3 Bd2+ 55. Kd3 Kd5 56. Na1 Ke5 57. Nc2 Kf4 58. g5 Kxg5 59. Nd4 Kf4 60. Ke2 b4 61. axb4 Bxb4 62. Ne6+ Ke4 63. Ng5+ Kf5 64. Nf3 Bc5 0-1

[Event "Sao Bernardo do Campo LXSBC fin-C 5th"]
[Site "Sao Bernardo do Campo"]
[Date "2014.01.26"]
[Round "8"]
[White "Tamarozi, Isabelle"]
[Black "Sousa, Fabio de Fatima"]
[Result "1-0"]
[WhiteElo "1749"]
[BlackElo "1762"]
[PlyCount "39"]
[EventDate "2014.01.18"]
[EventType "tourn"]
[EventRounds "9"]
[EventCountry "BRA"]
[SourceTitle "CBM 158 Extra"]
[Source "ChessBase"]
[SourceDate "2014.02.28"]
[SourceVersion "1"]
[SourceVersionDate "2014.02.28"]
[SourceQuality "1"]

1. e4 c5 2. Nf3 d6 3. d4 cxd4 4. Nxd4 Nf6 5. Nc3 a6 6. Be2 e5 7. Nb3 Be7 8. 0-0 Be6 9. Kh1 Nbd7 10. f4 exf4 11. Bxf4 Ne5 12. Qe1 0-0 13. Rd1 Qc7 14. Qg3 Rfd8 15. Nd4 Bc4 16. Nf5 Bf8 17. Bxc4 Nxc4 18. Bg5 Kh8 19. Bxf6 gxf6 20. Nd5 1-0

[Event "Sao Bernardo do Campo LXSBC fin-C 5th"]
[Site "Sao Bernardo do Campo"]
[Date "2014.01.25"]
[Round "6"]
[White "Sousa, Fabio de Fatima"]
[Black "Alboredo, Julia"]
[Result "0-1"]
[WhiteElo "1762"]
[BlackElo "1813"]
[PlyCount "66"]
[EventDate "2014.01.18"]
[EventType "tourn"]
[EventRounds "9"]
[EventCountry "BRA"]
[SourceTitle "CBM 158 Extra"]
[Source "ChessBase"]
[SourceDate "2014.02.28"]
[SourceVersion "1"]
[SourceVersionDate "2014.02.28"]
[SourceQuality "1"]

1. e4 c5 2. Nf3 Nc6 3. d4 cxd4 4. Nxd4 Nf6 5. Nc3 e5 6. Ndb5 d6 7. Bg5 a6 8. Na3 b5 9. Nd5 Be7 10. Bxf6 Bxf6 11. c4 Bg5 12. cxb5 Qa5+ 13. Nc3 Nd4 14. bxa6 0-0 15. Bc4 Bxa6 16. 0-0 Bxc4 17. Nxc4 Qb4 18. Qd3 Rfc8 19. Ne3 Qxb2 20. Ned5 Rxc3 21. Nxc3 Qxc3 22. Qb1 h5 23. a4 Qc6 24. a5 Ra6 25. Qb8+ Kh7 26. Rfb1 Qxe4 27. Kh1 h4 28. h3 Ne2 29. Rb4 Qd5 30. Qc8 Rxa5 31. Rxa5 Qxa5 32. Qf5+ Kh6 33. Rb8 Qe1+ 0-1

[Event "Sao Bernardo do Campo LXSBC fin-C 5th"]
[Site "Sao Bernardo do Campo"]
[Date "2014.01.24"]
[Round "5"]
[White "Assef, Nathaly Regina Reis"]
[Black "Sousa, Fabio de Fatima"]
[Result "0-1"]
[WhiteElo "1461"]
[BlackElo "1762"]
[PlyCount "116"]
[EventDate "2014.01.18"]
[EventType "tourn"]
[EventRounds "9"]
[EventCountry "BRA"]
[SourceTitle "CBM 158 Extra"]
[Source "ChessBase"]
[SourceDate "2014.02.28"]
[SourceVersion "1"]
[SourceVersionDate "2014.02.28"]
[SourceQuality "1"]

1. c4 e5 2. g3 Nf6 3. Bg2 d5 4. cxd5 Nxd5 5. Nc3 Nb6 6. Nf3 Nc6 7. 0-0 Be7 8. d3 0-0 9. Be3 Be6 10. Rc1 f5 11. Qc2 f4 12. Bd2 fxg3 13. hxg3 Nd4 14. Qd1 Nxf3+ 15. exf3 Qxd3 16. Ne4 c6 17. Be3 Qxd1 18. Rfxd1 Bxa2 19. Nc5 Bxc5 20. Bxc5 Rfd8 21. Re1 Rd2 22. b4 Rad8 23. Bh3 Kf7 24. Rxe5 Rd1+ 25. Re1 Rxe1+ 26. Rxe1 Bb3 27. Kg2 Rd1 28. Rxd1 Bxd1 29. Bd4 Bb3 30. Bf5 g6 31. Bd3 Nc8 32. f4 Ke6 33. g4 Kd5 34. Bg7 Nd6 35. f3 Bc4 36. Bb1 Bb3 37. Bd3 Bc4 38. Bb1 b6 39. Be5 Ke6 40. Kf2 Nb5 41. Ke3 Na3 42. Be4 Bd5 43. Bd3 Nc4+ 44. Bxc4 Bxc4 45. Bb8 a5 46. bxa5 bxa5 47. Kd4 Bd5 48. Ke3 c5 49. Be5 a4 50. Bb2 Bc6 51. Kf2 Kd5 52. Kg3 Kc4 53. Ba3 Kd4 54. f5 gxf5 55. g5 c4 56. f4 Kc3 57. Kh4 Be8 58. Bd6 Kb3 0-1

[Event "Sao Bernardo do Campo LXSBC fin-C 5th"]
[Site "Sao Bernardo do Campo"]
[Date "2014.01.19"]
[Round "3"]
[White "Santos, Marcos Correia"]
[Black "Sousa, Fabio de Fatima"]
[Result "0-1"]
[WhiteElo "1605"]
[BlackElo "1762"]
[PlyCount "86"]
[EventDate "2014.01.18"]
[EventType "tourn"]
[EventRounds "9"]
[EventCountry "BRA"]
[SourceTitle "CBM 158 Extra"]
[Source "ChessBase"]
[SourceDate "2014.02.28"]
[SourceVersion "1"]
[SourceVersionDate "2014.02.28"]
[SourceQuality "1"]

1. e4 c5 2. Nc3 Nc6 3. f4 g6 4. Nf3 Bg7 5. Bb5 e6 6. Bxc6 bxc6 7. 0-0 Ne7 8. e5 0-0 9. Ne4 Qb6 10. c4 Nf5 11. b3 Rd8 12. Rb1 d5 13. exd6 Nxd6 14. Nxd6 Rxd6 15. Ng5 Ba6 16. Qc2 Rad8 17. Ne4 R6d7 18. Ba3 Bd4+ 19. Kh1 Qa5 20. Qc1 h6 21. Bxc5 Bxc5 22. Nf6+ Kg7 23. Nxd7 Rxd7 24. b4 Bxb4 25. Qb2+ Bc3 26. dxc3 Bxc4 27. Rfe1 Bd3 28. c4+ Kh7 29. Rbc1 Qf5 30. Qe5 Qg4 31. Rb1 Be4 32. Rg1 Bxb1 33. h3 Qf5 34. Qb2 Bc2 35. Qe5 Qxe5 36. fxe5 Rd1 37. Rxd1 Bxd1 38. Kg1 Kg7 39. Kf2 c5 40. Ke1 Ba4 41. Kd2 g5 42. g3 Kg6 43. g4 Bc6 0-1

[Event "Sao Bernardo do Campo LXSBC fin-C 5th"]
[Site "Sao Bernardo do Campo"]
[Date "2014.01.18"]
[Round "1"]
[White "Nascimento, Jose Eduardo Campos"]
[Black "Sousa, Fabio de Fatima"]
[Result "1-0"]
[WhiteElo "1847"]
[BlackElo "1762"]
[PlyCount "145"]
[EventDate "2014.01.18"]
[EventType "tourn"]
[EventRounds "9"]
[EventCountry "BRA"]
[SourceTitle "CBM 158 Extra"]
[Source "ChessBase"]
[SourceDate "2014.02.28"]
[SourceVersion "1"]
[SourceVersionDate "2014.02.28"]
[SourceQuality "1"]

1. d4 d5 2. c4 e6 3. Nf3 c6 4. Bf4 Nf6 5. Nbd2 Bd6 6. Bg5 Nbd7 7. e3 0-0 8. a3 Qc7 9. c5 Be7 10. Bd3 e5 11. dxe5 Nxe5 12. Nb3 Nxd3+ 13. Qxd3 Ne4 14. Bf4 Qd8 15. Rc1 Bf5 16. Nfd4 Bg6 17. Qe2 Re8 18. 0-0 a5 19. f3 Nf6 20. g4 a4 21. Nd2 Nd7 22. b4 axb3 23. N2xb3 Rxa3 24. Ra1 Rxa1 25. Rxa1 Nxc5 26. Na5 Bf6 27. Qd1 Qd7 28. Ra3 Bxd4 29. exd4 Ne6 30. Bg3 Ra8 31. h4 b6 32. Nc4 Rxa3 33. Nxa3 h6 34. h5 Bh7 35. Be5 f6 36. Bg3 Qe7 37. Qa4 Nxd4 38. Qxd4 Qxa3 39. Qxb6 Qc1+ 40. Kg2 Bd3 41. Bd6 Qf1+ 42. Kg3 Qe2 43. Bc5 Bb5 44. Qd8+ Kh7 45. Qd7 Qe5+ 46. Kg2 Qe2+ 47. Kg3 Qe1+ 48. Bf2 Qe5+ 49. Kg2 Ba4 50. Qa7 Qa1 51. Qc5 Qd1 52. Qe7 Qd3 53. Qd6 Bd1 54. Qf4 Qc2 55. Qe3 Be2 56. Kg3 Qd3 57. Qf4 Bd1 58. Bd4 Bc2 59. Bc5 f5 60. g5 hxg5 61. Qxg5 Qe2 62. Bd4 Qe1+ 63. Kg2 Qe2+ 64. Kg3 f4+ 65. Qxf4 Qe1+ 66. Bf2 Qe8 67. Qg5 Qf7 68. f4 Qf8 69. Bd4 c5 70. Be5 d4 71. Kh4 Bf5 72. Bxg7 Qf7 73. Qh6+ 1-0

[Event "Sao Bernardo do Campo LXSBC fin-C 5th"]
[Site "Sao Bernardo do Campo"]
[Date "2014.01.18"]
[Round "2"]
[White "Sousa, Fabio de Fatima"]
[Black "Nakata, Thifanni Harumi"]
[Result "1-0"]
[WhiteElo "1762"]
[BlackElo "1578"]
[PlyCount "97"]
[EventDate "2014.01.18"]
[EventType "tourn"]
[EventRounds "9"]
[EventCountry "BRA"]
[SourceTitle "CBM 158 Extra"]
[Source "ChessBase"]
[SourceDate "2014.02.28"]
[SourceVersion "1"]
[SourceVersionDate "2014.02.28"]
[SourceQuality "1"]

1. e4 c5 2. Nf3 d6 3. d4 cxd4 4. Nxd4 Nf6 5. Nc3 a6 6. Be3 e6 7. f3 b5 8. Qd2 Nbd7 9. 0-0-0 Nb6 10. Kb1 Bb7 11. Qf2 Nfd7 12. g4 Qc7 13. h4 b4 14. Nce2 Rc8 15. Ng3 Be7 16. g5 Nc5 17. h5 Nba4 18. Bc1 Qa5 19. Bg2 Nd7 20. g6 Bf6 21. gxf7+ Kxf7 22. Qd2 Qb6 23. Nxe6 Kxe6 24. Bh3+ Ke7 25. Nf5+ Kf8 26. Nxd6 Nc3+ 27. Ka1 Qa5 28. Be6 Nc5 29. Nxb7 Nxb7 30. h6 Rg8 31. Rdg1 Rc7 32. hxg7+ Rgxg7 33. Qh6 Bd4 34. Rh5 Nc5 35. Rf5+ Ke8 36. Qh5+ Kd8 37. Rf8+ Ke7 38. Qe8+ Kd6 39. Bf4+ Be5 40. Bxe5+ Kxe5 41. Bd5+ Kd4 42. bxc3+ bxc3 43. Rd1+ Ke3 44. Qe5 Qa3 45. Qd4+ Ke2 46. Bc4+ Nd3 47. Qxd3+ Kf2 48. Qe2+ Kg3 49. Rg1+ 1-0

[Event "Mogi das Cruzes op 09"]
[Site "Mogi das Cruzes"]
[Date "2013.09.27"]
[Round "3"]
[White "Brandao, Renan Alves"]
[Black "Sousa, Fabio de Fatima"]
[Result "1-0"]
[WhiteElo "2089"]
[BlackElo "1761"]
[PlyCount "69"]
[EventDate "2013.09.26"]
[EventType "swiss"]
[EventRounds "7"]
[EventCountry "BRA"]
[SourceTitle "CBM 156 Extra"]
[Source "ChessBase"]
[SourceDate "2013.10.22"]
[SourceVersion "1"]
[SourceVersionDate "2013.10.22"]
[SourceQuality "1"]

1. d4 d5 2. c4 c6 3. Nf3 Nf6 4. Nbd2 e6 5. g3 Be7 6. Bg2 Nbd7 7. 0-0 0-0 8. Qc2 Re8 9. Rd1 Nf8 10. e4 dxe4 11. Nxe4 Ng6 12. b3 Bd7 13. Bb2 Rc8 14. h4 Qc7 15. Ne5 Red8 16. Ng5 Be8 17. Qe2 Nd7 18. Nef3 h6 19. Ne4 f5 20. Nc3 Bf7 21. d5 e5 22. Qc2 f4 23. Bh3 fxg3 24. fxg3 e4 25. d6 Bxd6 26. Nxe4 Be7 27. Qc3 Bf8 28. Kg2 Ra8 29. h5 Nh8 30. Bg4 Be8 31. Nh4 Nc5 32. Nxc5 Bxc5 33. Be6+ Kh7 34. Qc2+ g6 35. Qc3 1-0

[Event "Sao Paulo IRT op 3rd"]
[Site "Sao Paulo"]
[Date "2013.09.06"]
[Round "2"]
[White "Sousa, Fabio de Fatima"]
[Black "Ferreira de Souza, Ricardo"]
[Result "1-0"]
[WhiteElo "1761"]
[BlackElo "1393"]
[PlyCount "49"]
[EventDate "2013.09.06"]
[EventType "swiss"]
[EventRounds "6"]
[EventCountry "BRA"]
[SourceTitle "CBM 156 Extra"]
[Source "ChessBase"]
[SourceDate "2013.10.22"]
[SourceVersion "1"]
[SourceVersionDate "2013.10.22"]
[SourceQuality "1"]

1. e4 e5 2. Nf3 Nc6 3. Bb5 a6 4. Ba4 Bc5 5. 0-0 d6 6. d4 Ba7 7. dxe5 b5 8. Bb3 Bg4 9. Bxf7+ Kf8 10. Bd5 Qd7 11. e6 Bxe6 12. Ng5 Re8 13. Nxe6+ Rxe6 14. Bxe6 Qxe6 15. Qf3+ Nf6 16. e5 dxe5 17. Bg5 Kf7 18. c3 h6 19. Bh4 g5 20. Bg3 h5 21. h4 g4 22. Qe2 Qf5 23. Nd2 Rd8 24. Nb3 Rd3 25. Kh1 1-0

[Event "Mogi das Cruzes op 08"]
[Site "Mogi das Cruzes"]
[Date "2013.08.18"]
[Round "6"]
[White "Sousa, Fabio de Fatima"]
[Black "Souza, Ariadne Tairine"]
[Result "1-0"]
[WhiteElo "1755"]
[BlackElo "1763"]
[PlyCount "65"]
[EventDate "2013.08.16"]
[EventType "swiss"]
[EventRounds "6"]
[EventCountry "BRA"]
[SourceTitle "CBM 155 Extra"]
[Source "ChessBase"]
[SourceDate "2013.08.26"]
[SourceVersion "1"]
[SourceVersionDate "2013.08.26"]
[SourceQuality "1"]

1. d4 Nf6 2. c4 e6 3. Nf3 d5 4. e3 c5 5. Nc3 Nc6 6. Bd3 b6 7. cxd5 exd5 8. Bb5 Bd7 9. dxc5 Bxc5 10. Nxd5 a6 11. Ba4 b5 12. Bb3 Be6 13. Nxf6+ Qxf6 14. Bxe6 Qxe6 15. 0-0 0-0 16. Qc2 Be7 17. Bd2 Rac8 18. Qd3 Rfd8 19. Qe2 Bf6 20. Bc3 Bxc3 21. bxc3 Ne5 22. Nd4 Qc4 23. Qh5 Nd3 24. Nf5 Rc7 25. Nxg7 Qxc3 26. Nf5 Ne5 27. Qg5+ Ng6 28. Qxd8+ Nf8 29. Nh6+ Kg7 30. Qg5+ Ng6 31. h4 Rc5 32. Nf5+ Kf8 33. Qd8# 1-0

[Event "Sao Bernardo do Campo op"]
[Site "Sao Bernardo do Campo"]
[Date "2013.06.28"]
[Round "2"]
[White "Sousa, Fabio de Fatima"]
[Black "De Souza, Maira Bonifacio"]
[Result "0-1"]
[WhiteElo "1754"]
[BlackElo "1751"]
[PlyCount "106"]
[EventDate "2013.06.28"]
[EventType "swiss"]
[EventRounds "6"]
[EventCountry "BRA"]
[SourceTitle "EXT 2014"]
[Source "ChessBase"]
[SourceDate "2013.11.20"]
[SourceVersion "1"]
[SourceVersionDate "2013.11.20"]
[SourceQuality "1"]

1. d4 d5 2. c4 dxc4 3. Nf3 Nf6 4. Nc3 Nc6 5. e3 Be6 6. Be2 g6 7. 0-0 Bg7 8. e4 Bg4 9. d5 Na5 10. Qa4+ c6 11. dxc6 Nxc6 12. Rd1 Qc8 13. Qxc4 Bxf3 14. Bxf3 0-0 15. Qa4 Ne5 16. Be2 Rd8 17. Bf4 Rxd1+ 18. Rxd1 Nc6 19. h3 a6 20. e5 Nd7 21. e6 fxe6 22. Qc4 Nb6 23. Qb3 Bxc3 24. Qxb6 Be5 25. Bg5 Bf6 26. Be3 Ne5 27. Rc1 Qd8 28. Qxe6+ Kg7 29. Bd4 Qxd4 30. Rc7 Qb4 31. Kh2 Rd8 32. a3 Qd6 33. Qxd6 Rxd6 34. Rxb7 Rd2 35. Bxa6 Rxf2 36. Kg1 Rd2 37. a4 g5 38. b4 g4 39. hxg4 Nxg4 40. Kf1 Bh4 41. g3 Bf6 42. Be2 Nh2+ 43. Ke1 Ra2 44. a5 Bc3+ 45. Kf2 Kf6 46. a6 Bd4+ 47. Ke1 Bc3+ 48. Kf2 Ng4+ 49. Kf3 Ne5+ 50. Ke3 Ra3 51. Ke4 Bd2 52. Rb6+ e6 53. Kd4 Be3+ 0-1

[Event "Sao Bernardo do Campo op"]
[Site "Sao Bernardo do Campo"]
[Date "2013.05.26"]
[Round "6"]
[White "Dias da Silva, Adriano"]
[Black "Sousa, Fabio de Fatima"]
[Result "1-0"]
[WhiteElo "2036"]
[BlackElo "1765"]
[PlyCount "39"]
[EventDate "2013.05.24"]
[EventType "swiss"]
[EventRounds "6"]
[EventCountry "BRA"]
[SourceTitle "CBM 154 Extra"]
[Source "ChessBase"]
[SourceDate "2013.06.25"]
[SourceVersion "2"]
[SourceVersionDate "2013.06.25"]
[SourceQuality "1"]

1. e4 c5 2. c3 Nf6 3. e5 Nd5 4. d4 cxd4 5. cxd4 Nc6 6. Nf3 d6 7. Nc3 dxe5 8. dxe5 Nxc3 9. Qxd8+ Nxd8 10. bxc3 Bg4 11. Bb5+ Nc6 12. Nd4 Bd7 13. Nxc6 bxc6 14. Bc4 e6 15. Be3 Ba3 16. Rb1 0-0 17. Ke2 a5 18. Rb3 Be7 19. Rb7 Rfd8 20. Rd1 1-0

[Event "Sao Bernardo do Campo op"]
[Site "Sao Bernardo do Campo"]
[Date "2013.05.26"]
[Round "5"]
[White "Sousa, Fabio de Fatima"]
[Black "Hara, Aroldo Hiroiuqui"]
[Result "1-0"]
[WhiteElo "1765"]
[BlackElo "1922"]
[PlyCount "121"]
[EventDate "2013.05.24"]
[EventType "swiss"]
[EventRounds "6"]
[EventCountry "BRA"]
[SourceTitle "CBM 154 Extra"]
[Source "ChessBase"]
[SourceDate "2013.06.25"]
[SourceVersion "2"]
[SourceVersionDate "2013.06.25"]
[SourceQuality "1"]

1. e4 c5 2. Nf3 Nf6 3. e5 Nd5 4. Nc3 Nxc3 5. dxc3 e6 6. Bf4 Be7 7. Be2 0-0 8. Qd2 Qa5 9. 0-0 Nc6 10. a3 Qc7 11. Rfe1 a6 12. Rad1 b5 13. Bd3 Bb7 14. Be4 Rad8 15. Ng5 Bxg5 16. Bxg5 f6 17. exf6 gxf6 18. Bh4 d5 19. Bg3 Qg7 20. Bf3 Ne5 21. Bxe5 fxe5 22. Re3 Kh8 23. Kf1 Rf5 24. Be4 Rf7 25. Rh3 Qf6 26. Rh6 Qe7 27. Bg6 Rg7 28. Qd3 Rdg8 29. Bh5 Qg5 30. Qe3 Qxg2+ 31. Ke2 Rf8 32. Bf3 Qg5 33. Rxe6 Qf5 34. Rxe5 Qxc2+ 35. Rd2 Qc1 36. Re8 Rgf7 37. Rxf8+ Rxf8 38. Qe5+ Kg8 39. Bxd5+ Bxd5 40. Qxd5+ Kg7 41. Qg5+ Kh8 42. Qe5+ Kg8 43. f4 Qh1 44. Qd5+ Qxd5 45. Rxd5 Rxf4 46. Rxc5 Rh4 47. Rg5+ Kf7 48. Rg2 a5 49. Kd3 b4 50. axb4 axb4 51. cxb4 Rxb4 52. Re2 h5 53. Kc3 Rf4 54. b4 h4 55. b5 Kg6 56. b6 Rf8 57. b7 Kg5 58. Rb2 Rb8 59. Rb4 h3 60. Kb3 Kf5 61. Ka4 1-0